000
00350pam a2200157a 44500
008
230515b2000 xxu||||| |||| 00| 0 eng d
020
_a
NULL
041
_a
ENGL
082
_a
. / HUS
100
_a
HUSAIN A.
245
_a
ELECTRICAL POWER SYSTEMS (C.B.S)
250
_a
N.D.
260
_a
NULL
_b
C.B.S
_c
2000
300
_a
538 PB
650
_a
NULL
999
_c
631698
_d
631698